000 00645nam a22002537a 4500
001 BR6002851
003 BR-BrBNA
005 20230928083138.0
007 ta
008 230509b bl.||||| |||| 00| 0 por d
040 _aBR-BrBNA
_bpor
_cBiblioteca Nacional de Agricultura
041 _a(Por)
072 _aF01
_b0490
090 _ 0490 BR6002851
100 1 _aHara, S.
245 1 _aTecnica do cultivo e do beneficiamento da ramie
260 3 _aSao Paulo, SP (Brasil):
_c1943.
300 _a97 p.
650 _aRAMI
650 _aPRATICA CULTURAL
650 _aBENEFICIAMENTO
909 _a202309
_bLucia
_c55
_dLucia Elande
942 _cBK
999 _c11819
_d11819